000 01936nam a22002894a 4500
003 BOLpUSFA
005 20260407143709.0
008 t bo grm 001 | spa||
040 _aBOLpUSFA
041 _aspa
044 _aBO
082 _aICO0043
_bH641pPG
100 _aHilaquita Herrera, Leny Andrea
245 _aPlan estratégico de marketing tradicional para el posicionamiento de la Empresa Cascaritas en la ciudad de La Paz.
260 _aEl Alto:
_bUniversidad Privada San Francisco de Asís. Carrera de Ingeniería Comercial,
_c2025
300 _a130 p.
502 _aModalidad: Proyecto de Grado - Tutora: Lic. Melody Mariel Vicente Canaviri
520 _aAdriana Artunduaga Rojas, Gerente General busca posicionar a la empresa Cascaritas es un envoltorio a base de tela de algodón y cera de abeja una alternativa sustentable, este producto elaborado localmente donde los envoltorios deben garantizar tanto la conservación de los alimentos como una impresión positiva en los consumidores, para abordar este desafío, se empleará un enfoque inductivo con un diseño no experimental a un plazo de seis meses, se investigará la necesidad de soluciones de posicionamiento revisando la literatura sobre el marketing tradicional, haciendo un estudio preventivo con la eficacia de las estrategias de marketing, recopilando datos mediante encuestas y entrevista. Los análisis de estos datos permitirán desarrollar recomendaciones, con el objetivo de mejorar la aceptación y el posicionamiento de la empresa Cascaritas en la ciudad de la ciudad de La Paz.
650 _aIngeniería Comercial
650 _aProyecto de Grado
650 _aMarketing tradicional
650 _aPlan estratégico
650 _aEnvoltorios de algodón
650 _aImpacto ambiental
650 _aProductos sustentables
942 _2ddc
_cTE
_zLLO
999 _c9679
_d9679